000 00697nam a2200181Ia 4500
008 090201s9999 xx 000 0 und d
010 _aKPL-69624
040 _bमराठी
041 _aमराठी
082 _a48195
_b69624
100 _aमुद्गल चित्रा /अनु सहस्त्रबुद्ध्े वसुधा
245 _aही माझी भूमी
_cमुद्गल चित्रा /अनु सहस्त्रबुद्ध्े वसुधा
250 _a1
260 _c2005
_bअनघा प्रकाशन
300 _a215
_bमध्यम
600 _aही माझी भूमी
942 _cBOOK
999 _c244849
_d244849